[Event "I Festival A"]
[Site "Cortina d'Ampezzo ITA"]
[Date "2003.07.07"]
[Round "1"]
[White "Agnelli, Francesco"]
[Black "Fabris, Alberto"]
[Result "1-0"]
[WhiteElo "2102"]
[BlackElo "2230"]
[PlyCount "51"]
[EventDate "2003.07.07"]

1. e4 d6 2. d4 Nf6 3. Nc3 g6 4. Be3 c6 5. f3 b5 6. Qd2 Nbd7 7. g4 Nb6 8. Bd3
Nc4 9. Bxc4 bxc4 10. Nge2 h5 11. g5 Nd7 12. O-O Nb6 13. f4 e6 14. d5 exd5 15.
Nd4 c5 16. exd5 Bg7 17. Nc6 Qd7 18. f5 gxf5 19. Rae1 O-O 20. Bf4 Bb7 21. Ne7+
Kh7 22. Qd1 Bd4+ 23. Be3 Rh8 24. Bxd4 cxd4 25. Qxd4 Rhg8 26. Qf6 1-0

[Event "I Festival A"]
[Site "Cortina d'Ampezzo ITA"]
[Date "2003.07.07"]
[Round "1"]
[White "Efimov, Igor"]
[Black "Barlocco, Carlo"]
[Result "1-0"]
[WhiteElo "2479"]
[BlackElo "2150"]
[PlyCount "113"]
[EventDate "2003.07.07"]

1. d4 d5 2. c4 c6 3. e3 f5 4. Nc3 Nf6 5. Bd3 e6 6. Nge2 Bd6 7. Qc2 O-O 8. f3 g6
9. Bd2 Nbd7 10. O-O Kg7 11. Kh1 dxc4 12. Bxc4 e5 13. Rad1 Qc7 14. Be1 Nb6 15.
Bb3 Re8 16. Bh4 Be6 17. dxe5 Bxe5 18. f4 Bxb3 19. axb3 Bxc3 20. Qxc3 Qf7 21. g4
fxg4 22. f5 g5 23. Bxg5 Nbd5 24. Qd4 Re4 25. Qc5 Qe7 26. Qxe7+ Rxe7 27. Nf4
Nxf4 28. Rxf4 Rxe3 29. Rd6 Rf8 30. Re6 Rf3 31. Rb4 Rxf5 32. Rxb7+ Rf7 33. Bh6+
Kg6 34. Rxf7 Kxf7 35. Rxc6 g3 36. h3 Rh5 37. Be3 Rxh3+ 38. Kg2 Rh2+ 39. Kxg3
Rh1 40. Bxa7 Rb1 41. Bd4 Ne4+ 42. Kf4 Nd2 43. b4 Ke7 44. b5 Kd7 45. Rh6 Nc4 46.
Ke4 Nxb2 47. Rxh7+ Kc8 48. Kd5 Nd3 49. Kc4 Nb2+ 50. Bxb2 Rxb2 51. Kc5 Rg2 52.
Kb6 Rg6+ 53. Ka7 Rg1 54. Rh8+ Kc7 55. b6+ Kc6 56. Rh6+ Kd7 57. b7 1-0

[Event "I Festival A"]
[Site "Cortina d'Ampezzo ITA"]
[Date "2003.07.07"]
[Round "1"]
[White "Fregonese, Giulio"]
[Black "Cacco, Christian"]
[Result "0-1"]
[WhiteElo "2136"]
[BlackElo "2330"]
[PlyCount "130"]
[EventDate "2003.07.07"]

1. e4 d6 2. d4 Nf6 3. Nc3 g6 4. Nf3 Bg7 5. h3 O-O 6. Be3 c6 7. a4 a5 8. Bd3 Na6
9. e5 Ne8 10. O-O Nb4 11. Bc4 Bf5 12. Bb3 dxe5 13. Nxe5 Nc7 14. Qe2 Be6 15.
Bxe6 Nxe6 16. Rad1 Nd5 17. Nxd5 Qxd5 18. Rfe1 Rfd8 19. c4 Qe4 20. f3 Qh4 21.
Bf2 Qf6 22. Qc2 Nf4 23. Re4 Qd6 24. c5 Qf6 25. Qb3 Ne6 26. Rde1 Rab8 27. Qe3
Ng5 28. Rf4 Qe6 29. h4 f6 30. hxg5 fxe5 31. dxe5 Rd7 32. Rd4 Rbd8 33. Rxd7 Rxd7
34. Qc3 Qf5 35. Bd4 e6 36. Re4 Qxg5 37. f4 Qd8 38. g3 Bf8 39. Kg2 Rd5 40. Qe3
Be7 41. Qc3 Kf7 42. Be3 Rd3 43. Qc4 Qd5 44. Kf2 Rb3 45. Qc2 Rxb2 46. Qxb2 Qxe4
47. Qb3 Qb4 48. Qxb4 axb4 49. Ke2 h5 50. Kd3 g5 51. Kc4 h4 52. gxh4 gxh4 53.
Kxb4 h3 54. Bg1 b6 55. Kc4 Bxc5 56. Bh2 Bf8 57. Kd3 Kg6 58. Ke4 Bb4 59. f5+
exf5+ 60. Kf4 b5 61. axb5 cxb5 62. Kg3 Kf7 63. Kxh3 Ke6 64. Kg2 Bc3 65. Bf4 b4
0-1

[Event "I Festival A"]
[Site "Cortina d'Ampezzo ITA"]
[Date "2003.07.07"]
[Round "1"]
[White "Gosio, Denis"]
[Black "Drasko, Milan"]
[Result "0-1"]
[WhiteElo "2160"]
[BlackElo "2491"]
[PlyCount "84"]
[EventDate "2003.07.07"]

1. e4 e6 2. d4 d5 3. Nd2 Be7 4. Bd3 c5 5. dxc5 Nf6 6. e5 Nfd7 7. Ngf3 Nc6 8.
O-O Ndxe5 9. Nxe5 Nxe5 10. Nb3 Nxd3 11. Qxd3 O-O 12. Bf4 a5 13. a4 f6 14. Rfe1
e5 15. Bg3 Be6 16. f4 e4 17. Qd2 d4 18. Nxd4 Bxc5 19. Bf2 f5 20. c3 Bc4 21. Be3
Qd5 22. Qf2 Bd3 23. h3 Ra6 24. Kh2 Rg6 25. Rad1 Be7 26. b3 Qd8 27. g3 Rh6 28.
Rd2 Qc8 29. Rc1 Qe8 30. Qg2 Rff6 31. Kg1 Qh5 32. h4 Rfg6 33. Rxd3 Rxg3 34. Qxg3
Rg6 35. Qxg6 Qxg6+ 36. Kh2 exd3 37. Rg1 Qh5 38. Bf2 Bxh4 39. Bxh4 Qxh4+ 40. Kg2
Qg4+ 41. Kf2 Qxg1+ 42. Kxg1 d2 0-1

[Event "I Festival A"]
[Site "Cortina d'Ampezzo ITA"]
[Date "2003.07.07"]
[Round "1"]
[White "Ivanov, Mikhail M."]
[Black "Facchetti, Gianni"]
[Result "1-0"]
[WhiteElo "2406"]
[BlackElo "2143"]
[PlyCount "105"]
[EventDate "2003.07.07"]

1. Nf3 Nf6 2. c4 d6 3. d4 Nbd7 4. Nc3 e5 5. e4 Be7 6. g3 c6 7. Bg2 Qc7 8. O-O
Nf8 9. h3 Ng6 10. Be3 h5 11. Re1 h4 12. g4 Bd7 13. Rc1 Rd8 14. b4 b6 15. d5 c5
16. bxc5 bxc5 17. Nh2 Rb8 18. Rb1 Rxb1 19. Qxb1 O-O 20. Qc2 Rb8 21. Bd2 Nh7 22.
Nf3 Qd8 23. Qc1 Qa5 24. Bf1 Qa6 25. Nb5 Qb7 26. Qa3 a6 27. Nc3 Qc8 28. Rb1 Rxb1
29. Nxb1 Bxg4 30. hxg4 Qxg4+ 31. Kh2 Nf6 32. Ne1 Nf4 33. Qf3 Qxf3 34. Nxf3 Nxe4
35. Bxf4 exf4 36. Kg1 g5 37. Bh3 Kg7 38. Bf5 Nf6 39. Nxg5 Nxd5 40. cxd5 Bxg5
41. Bd3 a5 42. Nd2 Bd8 43. Nc4 Bc7 44. Kg2 Kf6 45. Kh3 Kg5 46. f3 Kh5 47. Bf5
Kg5 48. Bd7 f5 49. Be8 Kf6 50. Kxh4 Ke7 51. Bg6 Kf6 52. Kh5 a4 53. a3 1-0

[Event "I Festival A"]
[Site "Cortina d'Ampezzo ITA"]
[Date "2003.07.07"]
[Round "1"]
[White "Lain, Luigi"]
[Black "Navarro, Stefano"]
[Result "0-1"]
[WhiteElo "2261"]
[BlackElo "2125"]
[PlyCount "60"]
[EventDate "2003.07.07"]

1. d4 d5 2. c4 e6 3. Nc3 c6 4. Bf4 Nf6 5. e3 Nbd7 6. Qc2 Be7 7. Nf3 O-O 8. a3
a6 9. Bd3 dxc4 10. Bxc4 c5 11. dxc5 Bxc5 12. O-O b5 13. Ba2 Bb7 14. Rfd1 Qb6
15. Rac1 Rac8 16. Bb1 g6 17. Qe2 Rfe8 18. Ne4 Nxe4 19. Rxd7 Nf6 20. Ne5 Bd6 21.
Rxc8 Rxc8 22. Qf1 Bxe5 23. Rxb7 Qxb7 24. Bxe5 Ne4 25. Ba2 Qc6 26. f3 Qc1 27.
Bd4 Nd2 28. Qxc1 Rxc1+ 29. Kf2 Ra1 30. Ke2 Nxf3 0-1

[Event "I Festival A"]
[Site "Cortina d'Ampezzo ITA"]
[Date "2003.07.07"]
[Round "1"]
[White "Popa, Claudiu"]
[Black "Sulava, Nenad"]
[Result "0-1"]
[WhiteElo "2148"]
[BlackElo "2479"]
[PlyCount "104"]
[EventDate "2003.07.07"]

1. e4 c5 2. c3 Nf6 3. e5 Nd5 4. d4 cxd4 5. cxd4 d6 6. Nf3 Nc6 7. Bc4 e6 8. O-O
Be7 9. Qe2 O-O 10. Qe4 Qc7 11. Bd3 f5 12. exf6 Nxf6 13. Qe2 Nb4 14. Bc4 d5 15.
Bb3 Nc6 16. Nc3 a6 17. Bg5 Bd7 18. Bh4 Bd6 19. Bg3 Kh8 20. Rad1 Nh5 21. Bxd6
Qxd6 22. Qe3 Nf4 23. Bc2 Be8 24. Ne5 Bh5 25. f3 Nxe5 26. Qxe5 Qxe5 27. dxe5
Rac8 28. Rd4 g5 29. Re1 b5 30. g3 Ng6 31. Bxg6 Bxg6 32. Kg2 Rc4 33. Rd2 Rfc8
34. Red1 g4 35. f4 Kg7 36. Kf2 Be4 37. Nxe4 Rxe4 38. Rd4 Rxd4 39. Rxd4 Rc2+ 40.
Ke3 Rxb2 41. a4 Rxh2 42. axb5 axb5 43. f5 exf5 44. Rxd5 Rg2 45. Rxb5 Rxg3+ 46.
Kd4 Rg1 47. Kd5 g3 48. Rb3 h5 49. Rf3 Kg6 50. Ke6 h4 51. Rxf5 h3 52. Rf6+ Kg5
0-1

[Event "I Festival A"]
[Site "Cortina d'Ampezzo ITA"]
[Date "2003.07.07"]
[Round "1"]
[White "Rotstein, Arkadij"]
[Black "Raineri, Valerio"]
[Result "1-0"]
[WhiteElo "2544"]
[BlackElo "2164"]
[PlyCount "135"]
[EventDate "2003.07.07"]

1. e4 e5 2. Nf3 Nc6 3. Bb5 a6 4. Ba4 Nf6 5. O-O Be7 6. Re1 b5 7. Bb3 d6 8. c3
O-O 9. h3 Nb8 10. d4 Nbd7 11. Nbd2 Bb7 12. Bc2 Re8 13. Nf1 Bf8 14. Ng3 g6 15.
a4 c5 16. d5 c4 17. Be3 Nc5 18. Nd2 Nfd7 19. Qe2 Rb8 20. axb5 axb5 21. b4 cxb3
22. Nxb3 Nxb3 23. Bxb3 Nc5 24. Bc2 Bc8 25. Reb1 Bd7 26. Qd2 Qc7 27. Bd1 Rec8
28. Ra3 Na4 29. Rbb3 Rb7 30. Bg4 Qa5 31. Qd3 Bxg4 32. hxg4 Rcb8 33. Qd2 Qd8 34.
c4 Nc5 35. Bxc5 dxc5 36. Qb2 b4 37. Ra6 Bg7 38. Nf1 Rb6 39. Ra5 Qc8 40. Qa2 Bf8
41. Ne3 Qd8 42. g3 Rc8 43. Rb1 Rbb8 44. Ra1 Bh6 45. Nd1 Qg5 46. Qe2 Qd8 47. Ra6
Ra8 48. Qa2 Rab8 49. Qb3 Ra8 50. Qa4 Rxa6 51. Qxa6 Rb8 52. Qa7 Qb6 53. Qe7 Bf8
54. Qd7 Qb7 55. Qa4 Bh6 56. Kg2 b3 57. Rb1 Qb4 58. Qxb4 Rxb4 59. Nb2 Bd2 60.
Kf3 Bc3 61. Nd3 Rxc4 62. Rxb3 Kf8 63. Rb8+ Ke7 64. Rb7+ Ke8 65. d6 Bd4 66. Re7+
Kf8 67. Nxe5 Rc3+ 68. Ke2 1-0

[Event "I Festival A"]
[Site "Cortina d'Ampezzo ITA"]
[Date "2003.07.07"]
[Round "1"]
[White "Ventura, Sergio"]
[Black "Bonafede, Alessandro"]
[Result "1-0"]
[WhiteElo "2173"]
[BlackElo "2098"]
[PlyCount "39"]
[EventDate "2003.07.07"]

1. f4 f5 2. Nf3 Nf6 3. b3 g6 4. Bb2 Bg7 5. e3 d6 6. a4 O-O 7. Na3 c5 8. Be2 Nc6
9. O-O a6 10. Qe1 Qc7 11. Ng5 e5 12. Qh4 h6 13. Rf3 e4 14. Bxf6 hxg5 15. Bc4+
Rf7 16. fxg5 Bxf6 17. gxf6 d5 18. Rh3 Rh7 19. Bxd5+ Kh8 20. f7 1-0

[Event "I Festival A"]
[Site "Cortina d'Ampezzo ITA"]
[Date "2003.07.08"]
[Round "2"]
[White "Barlocco, Carlo"]
[Black "Genocchio, Daniele"]
[Result "0-1"]
[WhiteElo "2150"]
[BlackElo "2352"]
[PlyCount "92"]
[EventDate "2003.07.07"]

1. e4 g6 2. d4 Bg7 3. Nc3 d6 4. Nf3 a6 5. Be3 Nf6 6. Bd3 O-O 7. O-O b5 8. Re1
Bb7 9. Qd2 b4 10. Ne2 Bxe4 11. Bxe4 Nxe4 12. Qxb4 Nd7 13. Rab1 e6 14. Nc3 c5
15. Qa3 Nxc3 16. bxc3 Qc7 17. Rb3 Rfc8 18. Reb1 Qc6 19. Qa5 Ra7 20. dxc5 Nxc5
21. Rb6 Qa4 22. Qxa4 Nxa4 23. Rxd6 Raa8 24. c4 Nb2 25. c5 Nc4 26. Rd7 Nxe3 27.
fxe3 Rxc5 28. Rbb7 Rxc2 29. Nd4 Bxd4 30. exd4 Rf8 31. d5 exd5 32. Rxd5 Re8 33.
h3 Rxa2 34. Ra7 Ree2 35. Rg5 a5 36. h4 Kg7 37. Kh2 h6 38. Rg4 h5 39. Rg5 Re4
40. Kh3 Ra3+ 41. g3 a4 42. Rga5 Ree3 43. Rg5 Rf3 44. Kg2 Rfb3 45. Kh3 Re3 46.
Kg2 Ra2+ 0-1

[Event "I Festival A"]
[Site "Cortina d'Ampezzo ITA"]
[Date "2003.07.08"]
[Round "2"]
[White "Bonafede, Alessandro"]
[Black "Gosio, Denis"]
[Result "1-0"]
[WhiteElo "2098"]
[BlackElo "2160"]
[PlyCount "105"]
[EventDate "2003.07.07"]

1. e4 c5 2. Nf3 e6 3. d3 d5 4. Nbd2 Nf6 5. g3 Be7 6. Bg2 Nc6 7. O-O O-O 8. e5
Nd7 9. Re1 b5 10. Nf1 a5 11. h4 b4 12. N1h2 Ba6 13. Bf4 a4 14. a3 bxa3 15. bxa3
c4 16. dxc4 Bxc4 17. Nd2 Na5 18. g4 Rc8 19. g5 Ba6 20. Ng4 Kh8 21. Re3 Nc4 22.
Rh3 Nxd2 23. Qxd2 Nc5 24. Re1 Bb7 25. Rb1 Bc6 26. h5 Ne4 27. Bxe4 dxe4 28. Qe3
h6 29. g6 fxg6 30. hxg6 Rxf4 31. Qxf4 Bg5 32. Qf7 Qg8 33. Qa7 Be8 34. Rb7 Bxg6
35. Qxa4 Bf5 36. Rg3 Ra8 37. Qb4 Qe8 38. c3 Qd8 39. Qb3 Qf8 40. Qb4 Qd8 41. Qb3
Qf8 42. Ne3 Bxe3 43. fxe3 Rxa3 44. Qb2 Ra8 45. Rbxg7 Qc5 46. Qb7 Ra1+ 47. Kh2
Ra2+ 48. Kh1 Ra1+ 49. Rg1 Rxg1+ 50. Rxg1 Qf8 51. Ra1 Bg6 52. Ra8 Be8 53. Kg1
1-0

[Event "I Festival A"]
[Site "Cortina d'Ampezzo ITA"]
[Date "2003.07.08"]
[Round "2"]
[White "Cacco, Christian"]
[Black "Rotstein, Arkadij"]
[Result "0-1"]
[WhiteElo "2330"]
[BlackElo "2544"]
[PlyCount "84"]
[EventDate "2003.07.07"]

1. d4 Nf6 2. Nf3 b6 3. Bf4 Bb7 4. Nbd2 d6 5. e3 Nh5 6. Bg3 Nxg3 7. hxg3 Nd7 8.
e4 g6 9. Bc4 e6 10. Qe2 a6 11. a4 Bg7 12. c3 Qe7 13. O-O O-O 14. Rfe1 Nf6 15.
Bd3 Rfd8 16. a5 b5 17. b4 c5 18. Rac1 cxb4 19. cxb4 Rac8 20. Nb3 Bh6 21. Nfd2
Rxc1 22. Rxc1 d5 23. e5 Ne4 24. Bxe4 dxe4 25. Rc5 Bd5 26. Na1 Qb7 27. Nc2 Bf8
28. Rc3 Be7 29. f3 exf3 30. gxf3 Qa7 31. Ne4 Bxe4 32. Qxe4 Rd5 33. Rc8+ Kg7 34.
Qd3 Rxe5 35. Qc3 Rf5 36. Kg2 Bd6 37. Qc6 Qe7 38. Ne3 Rg5 39. g4 Bf4 40. Nc2 Rd5
41. Qe8 Qxe8 42. Rxe8 e5 0-1

[Event "I Festival A"]
[Site "Cortina d'Ampezzo ITA"]
[Date "2003.07.08"]
[Round "2"]
[White "Drasko, Milan"]
[Black "Ventura, Sergio"]
[Result "0-1"]
[WhiteElo "2491"]
[BlackElo "2173"]
[PlyCount "78"]
[EventDate "2003.07.07"]

1. d4 Nc6 2. d5 Ne5 3. e4 e6 4. f4 Ng6 5. dxe6 fxe6 6. Bd3 b6 7. Qe2 Bb7 8. Nf3
Be7 9. g3 Nf6 10. c4 O-O 11. Nc3 Bc5 12. Bd2 d5 13. e5 Ng4 14. Rf1 d4 15. Ne4
Qe8 16. Nfg5 Nh6 17. Qh5 Nxe5 18. Qe2 Nxd3+ 19. Qxd3 Nf5 20. O-O-O h6 21. Nf3
Qa4 22. Nxc5 bxc5 23. Kb1 Rab8 24. b3 Be4 25. Qxe4 Rxb3+ 26. Ka1 Ra3 27. Qb1
Kh7 28. Rc1 Rb8 29. Qc2 Qa6 30. Be1 d3 31. Qd2 Ne3 32. Bf2 Nxf1 33. Rxf1 Qxc4
34. Rb1 Qc2 35. Qxc2 dxc2 36. Rc1 Rb1+ 37. Rxb1 cxb1=Q+ 38. Kxb1 Rxf3 39. Bxc5
a6 0-1

[Event "I Festival A"]
[Site "Cortina d'Ampezzo ITA"]
[Date "2003.07.08"]
[Round "2"]
[White "Fabris, Alberto"]
[Black "Popa, Claudiu"]
[Result "0-1"]
[WhiteElo "2230"]
[BlackElo "2148"]
[PlyCount "80"]
[EventDate "2003.07.07"]

1. d4 d5 2. Nf3 Nf6 3. Bf4 Bf5 4. e3 e6 5. c4 Bxb1 6. Qa4+ Qd7 7. Qxd7+ Nbxd7
8. Rxb1 Bb4+ 9. Kd1 Ne4 10. Bg3 Nxg3 11. hxg3 dxc4 12. Bxc4 c6 13. Ke2 Ke7 14.
Rbd1 h6 15. Rd3 Nb6 16. Bb3 Rad8 17. Rhd1 Bd6 18. a3 c5 19. dxc5 Bxc5 20. Ne5
Rxd3 21. Rxd3 Rc8 22. f4 Bd6 23. Nf3 Rc1 24. e4 Rb1 25. Rd2 Bxa3 26. Bxe6 Rxb2
27. Ba2 Rxd2+ 28. Kxd2 Nd7 29. Nd4 g6 30. Bd5 Bc5 31. Kd3 Bxd4 32. Kxd4 b6 33.
e5 f6 34. Be4 fxe5+ 35. fxe5 g5 36. Bf5 a5 37. Kd5 a4 38. Bc2 a3 39. Bb3 Nc5
40. Ba2 Nd3 0-1

[Event "I Festival A"]
[Site "Cortina d'Ampezzo ITA"]
[Date "2003.07.08"]
[Round "2"]
[White "Facchetti, Gianni"]
[Black "Lain, Luigi"]
[Result "0-1"]
[WhiteElo "2143"]
[BlackElo "2261"]
[PlyCount "126"]
[EventDate "2003.07.07"]

1. e4 e5 2. Nf3 Nc6 3. Be2 Nf6 4. Nc3 Bc5 5. Nxe5 Nxe5 6. d4 Bb4 7. dxe5 Nxe4
8. Qd4 Nxc3 9. Qxb4 Nxe2 10. Kxe2 b6 11. f3 c5 12. Qg4 Rg8 13. Qe4 h6 14. Kf2
Ba6 15. Re1 Bb5 16. c4 Bc6 17. Qg4 Kf8 18. Bd2 Qe7 19. Bc3 Qe6 20. Qf4 g5 21.
Qf6 Rg6 22. Qxe6 fxe6 23. g3 Ke7 24. Ke3 Rf8 25. Rf1 h5 26. Rf2 Rg7 27. Raf1
Rgf7 28. f4 g4 29. b4 Rh7 30. b5 Bf3 31. h4 Ra8 32. a4 a6 33. Ra1 Rhh8 34. Rfa2
Rhc8 35. bxa6 Rxa6 36. a5 Rca8 37. Ra3 Bc6 38. Kd3 Kf7 39. Kc2 Kg6 40. Kb3 bxa5
41. Bxa5 Kf5 42. Kc2 Ke4 43. Kd2 Bb7 44. Ke2 Kd4 45. Rd1+ Ke4 46. Rda1 Bc8 47.
Re3+ Kf5 48. Rea3 Bb7 49. Ke3 Bc6 50. Kd3 Rb8 51. Bc3 Be4+ 52. Kd2 Rxa3 53.
Rxa3 Rb1 54. Ra1 Rb3 55. Ra5 Rb1 56. Ra1 Rb7 57. Ra5 Bc6 58. Kd3 Be4+ 59. Kd2
Bg2 60. Rxc5 Ke4 61. Kc2 Kf3 62. Be1 Ke2 63. Bc3 Be4+ 0-1

[Event "I Festival A"]
[Site "Cortina d'Ampezzo ITA"]
[Date "2003.07.08"]
[Round "2"]
[White "Navarro, Stefano"]
[Black "Efimov, Igor"]
[Result "0-1"]
[WhiteElo "2125"]
[BlackElo "2479"]
[PlyCount "72"]
[EventDate "2003.07.07"]

1. e4 c5 2. Nf3 d6 3. d4 cxd4 4. Nxd4 Nf6 5. Nc3 Nc6 6. Bg5 e6 7. Qd2 a6 8.
O-O-O h6 9. Bf4 Bd7 10. Nxc6 Bxc6 11. Bxd6 Bxd6 12. Qxd6 Qxd6 13. Rxd6 Bxe4 14.
Rd2 Bc6 15. f3 Ke7 16. Bd3 g5 17. Rhd1 Rad8 18. Ne4 Nd5 19. Re1 Nf4 20. Bf1 f5
21. Nc5 Rxd2 22. Kxd2 Rd8+ 23. Kc1 Rd6 24. g3 Ng6 25. Re3 a5 26. Nb3 f4 27. Rc3
Ne5 28. Be2 Rd5 29. Nc5 g4 30. Nb3 gxf3 31. Bxf3 Nxf3 32. Rxf3 a4 33. Na1 Re5
34. Rf1 f3 35. c4 Re2 36. Nc2 f2 0-1

[Event "I Festival A"]
[Site "Cortina d'Ampezzo ITA"]
[Date "2003.07.08"]
[Round "2"]
[White "Raineri, Valerio"]
[Black "Fregonese, Giulio"]
[Result "1-0"]
[WhiteElo "2164"]
[BlackElo "2136"]
[PlyCount "121"]
[EventDate "2003.07.07"]

1. e4 e5 2. Nf3 Nc6 3. Bb5 f5 4. Nc3 fxe4 5. Nxe4 d5 6. Nxe5 dxe4 7. Nxc6 Qg5
8. Qe2 Nf6 9. f4 Qxf4 10. Nxa7+ Bd7 11. Bxd7+ Kxd7 12. Qb5+ Ke6 13. Qxb7 Bd6
14. Qb3+ Ke7 15. Nc6+ Kd7 16. Nd4 Rhe8 17. Qb5+ Kd8 18. g3 Qg4 19. Qf5 Ra6 20.
Qxg4 Nxg4 21. Nf5 Be5 22. O-O g6 23. Ne3 Bd4 24. Kg2 Ne5 25. c3 Ba7 26. b4 Ra4
27. Nd5 Kc8 28. Nf6 Re7 29. Nxe4 Nd3 30. Nc5 Bxc5 31. bxc5 Re2+ 32. Kg1 Nxc1
33. c6 Rxd2 34. Rf8+ Rd8 35. Rxd8+ Kxd8 36. Rxc1 Rxa2 37. Rd1+ Ke7 38. Rd7+ Ke6
39. Rxc7 Ra6 40. Rxh7 Rxc6 41. Rh4 Rxc3 42. Rf4 g5 43. Rf2 g4 44. Kg2 Ra3 45.
h3 gxh3+ 46. Kxh3 Ra1 47. g4 Rh1+ 48. Kg3 Ke7 49. g5 Ra1 50. Kg4 Rg1+ 51. Kh5
Rh1+ 52. Kg6 Rh3 53. Kg7 Rh1 54. g6 Rh3 55. Kg8 Rh1 56. g7 Rh3 57. Re2+ Kd7 58.
Re4 Rh1 59. Kf7 Rf1+ 60. Kg6 Rg1+ 61. Kf6 1-0

[Event "I Festival A"]
[Site "Cortina d'Ampezzo ITA"]
[Date "2003.07.08"]
[Round "2"]
[White "Rombaldoni, Denis"]
[Black "Ivanov, Mikhail M."]
[Result "0-1"]
[WhiteElo "2064"]
[BlackElo "2406"]
[PlyCount "76"]
[EventDate "2003.07.07"]

1. d4 c5 2. d5 e5 3. c4 d6 4. Nc3 g6 5. Nf3 Bg7 6. Qc2 Nf6 7. Bg5 h6 8. Bh4 g5
9. Bg3 Nh5 10. Nd2 Na6 11. e3 O-O 12. Be2 Nxg3 13. hxg3 f5 14. a3 Nc7 15. f3 a6
16. g4 f4 17. e4 Bd7 18. Kf2 Ne8 19. g3 Qf6 20. Rag1 Bxg4 21. gxf4 Qxf4 22. Ke1
Bd7 23. Nd1 b5 24. Rg2 Rb8 25. Nf1 bxc4 26. Nfe3 Nc7 27. a4 Rb4 28. Ng4 Bxa4
29. Qc3 Bxd1 30. Bxd1 Nb5 31. Qe3 Qxe3+ 32. Nxe3 c3 33. bxc3 Nxc3 34. Nf5 Rxf5
35. exf5 Nxd1 36. f6 Bf8 37. Ra2 Nc3 38. Ra1 Nxd5 0-1

[Event "I Festival A"]
[Site "Cortina d'Ampezzo ITA"]
[Date "2003.07.08"]
[Round "2"]
[White "Sulava, Nenad"]
[Black "Agnelli, Francesco"]
[Result "1-0"]
[WhiteElo "2479"]
[BlackElo "2102"]
[PlyCount "55"]
[EventDate "2003.07.07"]

1. Nf3 Nf6 2. d4 g6 3. Nc3 Bg7 4. e4 d6 5. Be3 O-O 6. Qd2 Bg4 7. O-O-O Nc6 8.
d5 Ne5 9. Be2 Bxf3 10. gxf3 c5 11. Bh6 Qa5 12. Bxg7 Kxg7 13. f4 Ned7 14. Qe3 a6
15. h4 b5 16. e5 Ne8 17. h5 b4 18. hxg6 fxg6 19. Qh3 h5 20. Qxh5 Nef6 21. exf6+
Nxf6 22. Qh6+ Kf7 23. Bd3 Rg8 24. Ne4 Qxa2 25. Nxf6 exf6 26. Qh7+ Rg7 27. Bxg6+
Kf8 28. Qh8+ 1-0

[Event "I Festival A"]
[Site "Cortina d'Ampezzo ITA"]
[Date "2003.07.09"]
[Round "3"]
[White "Agnelli, Francesco"]
[Black "Raineri, Valerio"]
[Result "0-1"]
[WhiteElo "2102"]
[BlackElo "2164"]
[PlyCount "78"]
[EventDate "2003.07.07"]

1. e4 e5 2. Nf3 Nc6 3. Bb5 a6 4. Ba4 Nf6 5. d3 Bc5 6. c3 Qe7 7. O-O O-O 8. Re1
d6 9. h3 Bd7 10. Nbd2 Ba7 11. Nf1 b5 12. Bb3 Na5 13. Bc2 c5 14. Ng3 Nc6 15. Bg5
h6 16. Be3 Kh7 17. d4 g6 18. d5 Na5 19. Nh2 Ng8 20. Qf3 Qf6 21. Qe2 Qg7 22. f4
Nc4 23. Bc1 Ne7 24. f5 Ng8 25. Rf1 Nf6 26. Kh1 Nb6 27. Be3 Nc8 28. Rf3 Ne7 29.
Raf1 gxf5 30. Nxf5 Bxf5 31. exf5 Nexd5 32. Ng4 e4 33. Rg3 Nh5 34. Qe1 Nxg3+ 35.
Qxg3 Nxe3 36. Qxe3 d5 37. f6 Qg5 38. Qf3 Kh8 39. Qe2 Rg8 0-1

[Event "I Festival A"]
[Site "Cortina d'Ampezzo ITA"]
[Date "2003.07.09"]
[Round "3"]
[White "Efimov, Igor"]
[Black "Ivanov, Mikhail M."]
[Result "1/2-1/2"]
[WhiteElo "2479"]
[BlackElo "2406"]
[PlyCount "96"]
[EventDate "2003.07.07"]

1. d4 Nf6 2. Nf3 g6 3. g3 d5 4. Bg2 Bg7 5. O-O O-O 6. Nbd2 c5 7. dxc5 Na6 8.
Nb3 Bf5 9. Nfd4 Bd7 10. c3 Qc8 11. Be3 e5 12. Nc2 Bh3 13. Qe1 Bxg2 14. Kxg2 h5
15. f3 h4 16. gxh4 Nh5 17. Kh1 f5 18. Rc1 f4 19. Bf2 Kh7 20. Rd1 Nc7 21. c4 d4
22. Nd2 a5 23. Ne4 Ne6 24. b4 axb4 25. Qxb4 Rxa2 26. Qb1 Ra7 27. Nd6 Qxc5 28.
Nxd4 Ng3+ 29. hxg3 exd4 30. Ne4 Qxc4 31. Rd3 fxg3 32. Bxg3 Ra2 33. Nd6 Qc2 34.
Qxc2 Rxc2 35. Rb1 Rxe2 36. Rxb7 Re3 37. Rxe3 dxe3 38. Kg2 e2 39. Re7 Nf4+ 40.
Bxf4 Rxf4 41. Kg3 Rf8 42. Rxe2 Bf6 43. Re3 Kg7 44. Ne4 Rh8 45. Ng5 Bxg5 46.
hxg5 Rf8 47. Re7+ Kg8 48. Kg4 Rf5 1/2-1/2

[Event "I Festival A"]
[Site "Cortina d'Ampezzo ITA"]
[Date "2003.07.09"]
[Round "3"]
[White "Fabris, Alberto"]
[Black "Bonafede, Alessandro"]
[Result "1-0"]
[WhiteElo "2230"]
[BlackElo "2098"]
[PlyCount "33"]
[EventDate "2003.07.07"]

1. d4 Nf6 2. Nf3 e6 3. Bf4 c5 4. c3 d5 5. e3 Be7 6. Nbd2 O-O 7. Bd3 Nbd7 8. Ne5
b6 9. Qf3 Bb7 10. Qh3 Re8 11. O-O a6 12. Rad1 Nf8 13. Ndf3 cxd4 14. Ng5 Ng6 15.
Nexf7 Qc8 16. Bxg6 hxg6 17. Qh8# 1-0

[Event "I Festival A"]
[Site "Cortina d'Ampezzo ITA"]
[Date "2003.07.09"]
[Round "3"]
[White "Fregonese, Giulio"]
[Black "Barlocco, Carlo"]
[Result "1/2-1/2"]
[WhiteElo "2136"]
[BlackElo "2150"]
[PlyCount "87"]
[EventDate "2003.07.07"]

1. e4 c5 2. c3 d5 3. exd5 Qxd5 4. d4 e6 5. Nf3 Nc6 6. Bd3 cxd4 7. cxd4 Bd7 8.
Nc3 Bb4 9. O-O Qd6 10. Bc2 Nf6 11. Bg5 Nd5 12. Qd3 Rc8 13. Ne4 Qc7 14. Rac1 Be7
15. Bb1 Bxg5 16. Nexg5 Nf6 17. Rfe1 h6 18. Ne4 Nxe4 19. Qxe4 Qb6 20. Rc3 Nd8
21. Rb3 Qa5 22. d5 f5 23. Qe2 Qxd5 24. Ne5 Nf7 25. Ng6 Rg8 26. h3 Ng5 27. Nf4
Qd6 28. Qh5+ Kd8 29. Ng6 Kc7 30. Rd1 Qa6 31. Ne7 Bc6 32. Rc1 Rge8 33. Nxc8 Rxc8
34. h4 Ne4 35. Bxe4 fxe4 36. Qe5+ Kd7 37. Qxg7+ Kd6 38. Rd1+ Bd5 39. Rxb7 Qe2
40. Qg3+ Kc6 41. Rc1+ Kxb7 42. Qg7+ Kb8 43. Qe5+ Kb7 44. Qg7+ 1/2-1/2

[Event "I Festival A"]
[Site "Cortina d'Ampezzo ITA"]
[Date "2003.07.09"]
[Round "3"]
[White "Genocchio, Daniele"]
[Black "Navarro, Stefano"]
[Result "1-0"]
[WhiteElo "2352"]
[BlackElo "2125"]
[PlyCount "77"]
[EventDate "2003.07.07"]

1. e4 e5 2. Nf3 Nc6 3. d4 exd4 4. Nxd4 Nf6 5. Nxc6 bxc6 6. e5 Qe7 7. Qe2 Nd5 8.
c4 Ba6 9. g3 O-O-O 10. b3 Re8 11. Bb2 f6 12. Bg2 fxe5 13. O-O Nf6 14. Re1 e4
15. Qd2 Bb7 16. Nc3 d5 17. cxd5 cxd5 18. Rac1 a6 19. Na4 Qf7 20. Qf4 Re7 21.
Rc2 Ne8 22. Qe3 Kb8 23. Nc5 h5 24. Qc3 Qf6 25. Qa5 Qb6 26. Nxb7 Qxb7 27. Rd1
Nf6 28. Bxf6 gxf6 29. Rxd5 Re8 30. Rc4 Qb6 31. Qa4 Bd6 32. Bxe4 h4 33. Rxd6
Qxd6 34. Rb4+ Kc8 35. Bb7+ Kb8 36. Bc6+ Kc8 37. Qxa6+ Kd8 38. Qa8+ Ke7 39. Re4+
1-0

[Event "I Festival A"]
[Site "Cortina d'Ampezzo ITA"]
[Date "2003.07.09"]
[Round "3"]
[White "Gosio, Denis"]
[Black "Facchetti, Gianni"]
[Result "0-1"]
[WhiteElo "2160"]
[BlackElo "2143"]
[PlyCount "76"]
[EventDate "2003.07.07"]

1. e4 e5 2. Nf3 Nc6 3. Bb5 Bc5 4. c3 Nf6 5. O-O O-O 6. d4 Bb6 7. Re1 exd4 8.
cxd4 d5 9. e5 Ne4 10. Nc3 Nxf2 11. Kxf2 Nxd4 12. Nxd4 Qh4+ 13. Kg1 Bxd4+ 14.
Kh1 Bf2 15. Be3 Bxe1 16. Qxe1 Qxe1+ 17. Rxe1 c6 18. Ba4 Be6 19. Kg1 Rfc8 20.
Bb3 b6 21. Rd1 h6 22. h3 Rd8 23. Kf2 Rd7 24. Ba4 Rc7 25. Ke2 Rd8 26. a3 c5 27.
Nb5 Re7 28. Kf2 d4 29. Bf4 Bd7 30. b4 a6 31. bxc5 axb5 32. cxb6 bxa4 33. Rxd4
Re6 34. b7 Rb6 35. e6 Rxb7 36. exd7 Rdxd7 37. Rxa4 Rb2+ 38. Kf3 Ra2 0-1